00959 2200313 4500001002100000005001500021035002000036007000300056008004100059020002500100040002200125082001400147084001600161090002200177100002600199245009000225300005000315650003500365850001200400264003800412336002100450337003000471338002300501999002200524250002300546700003000569700002400599990002200623INLIS00000000087765720230330123807 a0010-0323000924ta230330s2021 yoia g 0 |bind  a978-623-02-234-531-2 aYOPDYOGbinderda04223a809.8 a809.8 TAU s aCB-D.11 2021-39901 aTaufiq, M.ePengarang10aSenandung emas si kecil /cM. Taufiq; penyunting, Farida Puji P.; ilustrator, Sunardi aiv, 36 halaman :bilustrasi berwarna ;c25 cm 4aBiografi sebagai bentuk sastra aYOPDYOG31aBantul :bCitra Aji Parama,c2021 2rdacontentateks 2rdamediaatanpa perantara 2rdacarrieravolume aCB-D.11/2021-3990 aCetakan: Juli 20210 aFarida Puji P.ePengarang0 aSunardieIlustrator aCB-D.11/2021-3990